Pojęcia historyczne #2 - Statystyki

Ogólne statystyki
  • Ten quiz został rozwiązany 351 razy
  • Średni wynik to 9 z 15
Statystyki odpowiedzi
Pojęcie Definicja % Poprawnych
piramidy monumentalne grobowce władców (później osób prywatnych) w starożytnym Egipcie
89%
Biblia zbiór ksiąg uznawanych za święte w judaizmie (Stary Testament) i chrześcijaństwie (Stary i Nowy Testament)
82%
czarna śmierć określenie epidemii dżumy, która została przywleczona do Europy w 1348 r.
82%
„Solidarność” ruch społeczno-polityczny i niezależny związek zawodowy, powstały w roku 1980, który przyczynił się do przemian politycznych, społecznych i gospodarczych w Polsce w roku 1989, przywódcą ruchu był Lech Wałęsa
78%
komunizm ideologia opierająca się na teoriach politycznych Karola Marksa i Fryderyka Engelsa, postulująca wspólną własność środków produkcji oraz gospodarkę planową i centralnie zarządzaną, głosząca nieuchronność upadku kapitalizmu
74%
barok styl dominujący sztuce europejskiej w XVII i części XVIII w., którego rozwój był silnie związany z kontrreformacją, charakteryzujący się bogactwem dekoracji, asymetrią wzorów i wielką ekspresywnością
73%
Krzyżacy niemiecki zakon rycerski założony podczas III wyprawy krzyżowej w 1190 r. przez niemieckich pielgrzymów
71%
Galicja potoczna nazwa ziem polskich, które w wyniku rozbiorów znalazły się pod panowaniem austriackim (1772-1918)
70%
plan Marshalla plan odbudowy gospodarek państw europejskich po II wojnie światowej, przedstawiony w 1947 roku w imieniu USA przez generała George’a Catletta Marshalla
70%
romantyzm nurt w sztuce i literaturze końca XVIII i pierwszej połowy XIX w., charakteryzujący się powrotem do przeszłości oraz wzmożonym zainteresowaniem naturą, był wyrazem odwrotu od typowego dla oświecenia kultu rozumu
60%
inkwizycja instytucja Kościoła rzymskokatolickiego, utworzona w celu wykrywania i sądzenia heretyków
54%
protestantyzm ruch religijny w Europie w XVI w. o podłożu społeczno-politycznym, dążący przeprowadzenia reform w zakresie doktryny, kultu i organizacji oraz obyczajów, a także powrotu do pierwotnej prostoty wiary chrześcijańskiej
37%
pospolite ruszenie forma organizacji sił zbrojnych polegająca na powoływaniu pod broń w czasie wojny ludności zdolnej do noszenia broni
33%
gułag wydział radzieckich organów bezpieczeństwa odpowiedzialnego za kierowanie i administrowanie kompleksem łagrów w ZSRR.
30%
"Overlord" kryptonim planu inwazji rozpoczętej przez wojska alianckie 6 czerwca 1944 r. w Normandii; w ramach operacji na obszarze okupowanej przez Niemcy Francji przeprowadzono desant morski w sile pięciu dywizji piechoty oraz powietrzny w sile trzech dywizji powietrzno-desantowych
30%
Nie znaleziono quizów pasujących do podanych kryteriów
Rozkład punktacji
Procent ludzi z każdym wynikiem
Percentyl według liczby udzielonych odpowiedzi
Twoja historia wyników
Nie rozwiązałeś tego quizu